Les MVs les plus vues de TXT (avril 2026) - Statistiques

Statistiques générales
  • Ce quiz a été pris 57 fois
    3 depuis la dernière actualisation
  • Le résultat moyen est 22 sur 38
Statistiques - réponses
Date de sortie Nombre de vues MV % Correct
26 octobre 2020 210 M Blue Hour
100%
19 janvier 2021 9,1 M Blue Hour (Japanese Version)
100%
4 mars 2019 172 M Crown
100%
1 avril 2024 96 M Deja Vu
100%
9 mai 2022 98 M Good Boy Gone Bad
100%
30 aout 2022 6,6 M Good Boy Gone Bad (Japanese Version)
100%
17 aout 2021 117 M Lo$er=Lo♡er
100%
2 mai 2025 36 M Love Language
100%
31 mai 2021 128 M 0x1=LoveSong (I Know I Love You)
67%
9 novembre 2021 12 M 0x1=LoveSong (I Know I Love You - Japanese Version)
67%
21 octobre 2019 134 M 9 And Three Quarters (Run Away)
67%
14 janvier 2020 24 M 9 And Three Quarters (Run Away - Japanese Version)
67%
18 mai 2020 81 M Can't You See Me ?
67%
24 avril 2019 115 M Cat & Dog
67%
13 octobre 2023 105 M Chasing That Feeling
67%
7 juillet 2023 69 M Do It Like That (feat Jonas Brothers)
67%
18 aout 2020 22 M Drama (Japanese Version)
67%
5 juin 2019 11 M Nap Of A Star
67%
12 juillet 2019 15 M Our Summer
67%
3 juin 2020 40 M Puma
67%
13 avril 2026 26 M Stick With You
67%
27 janvier 2023 158 M Sugar Rush Ride
67%
27 juin 2023 4,4 M Sugar Rush Ride (Japanese Version)
67%
12 novembre 2020 36 M We Lost The Summer
67%
15 septembre 2023 125 M Back For More (feat Anitta)
33%
21 juillet 2025 30 M Beautiful Strangers
33%
19 octobre 2025 26 M Can't Stop
33%
3 mai 2019 13 M Cat & Dog (English Version)
33%
28 juin 2020 12 M Eternally
33%
27 octobre 2021 17 M Frost
33%
11 juin 2021 21 M Magic
33%
17 novembre 2019 6 M Magic Island
33%
4 novembre 2024 56 M Over The Moon
33%
2 juillet 2024 9,2 M We'll Never Change
33%
28 novembre 2019 29 M Angel Or Devil
0%
21 février 2023 40 M Devil By The Window
0%
17 juillet 2024 6,7 M Open Always Win
0%
14 février 2021 10 M Way Home
0%
Aucun quiz correspondant
Distribution des résultats
% des personnes avec chaque résultat
Percentile par nombre de réponses
Votre historique - résultats
Vous n’avez pas pris ce quiz depuis la dernière actualisation